02398nam a2200325 a 4500003000500000005001700005007000300022008004100025020002300066040001700089041002500106082002400131100004100155245004900196264004100245300006200286336002700348337002700375338002800402500001800430504004000448505064900488520077301137534002301910650002201933650002501955650002301980650004102003650002802044CHAP20240902133323.0ta240829s2019 mx abd|fr|||| 001 0 spa d a 978-607-17-3577-5 aZcCHAPerda0 bEspañolfEspañol00a631.4bO78 20192201 aOrtiz Solorio, Carlos Albertoeautor10aEdafología /bCarlos Alberto Ortiz Solorio 1aCiudad de México :bTrillas,c2019 a399 páginas: bilustraciones, mapas, tablas, gráficas 2rdacontentatextobtxt 2rdamediaasin mediobn 2rdacarrieravolumenbnc aej.1: consumo aBibliografía: páginas 377 - 38600gCap. 1. La ciencia del suelo -- Cap. 2. Formación del suelo y su morfología -- Cap. 3. Rocas y minerales -- Cap. 4. Arquitectura y propiedades físicas del suelo -- Cap. 5. Agua y atmósfera del suelo -- Cap. 6. Materia orgánica del suelo -- Cap. 7. Organismos del suelo -- Cap. 8. Intercambio iónico en los suelos -- Cap. 9. Reacción del suelo -- Cap. 10. Clasificación de suelos -- Cap. 11. Estudios de suelos -- Cap. 12. El recurso y su importancia -- Cap. 13. El conocimiento del suelo y el desarrollo de las plantas -- Cap. 14. Etnoedafología -- Apéndice -- Bibliografía -- Índice Onomástico -- Índice Analítico aEl suelo es uno de los recursos naturales más significativos en la vida del hombre porque de él obtiene sus alimentos, las fibras para sus vestidos y los productos que se convertirán en sus medicinas. Para determinar cómo se forma un suelo, cuál es su composición, qué propiedades tiene y los organismos que en él se desarrollan existe una disciplina que se denomina Edafología o Ciencia del suelo, por medio de la cual es posible establecer, por ejemplo, su capacidad de uso, aptitud del riego o nivel de fertilidad. En esta obra el autor expone cómo se origina dicha ciencia, sus características más relevantes, las clasificaciones científicas que emplea, así como el conocimiento tradicional con el que también es posible estudiarla. pTítulo original:13aCiencia del suelo13aAnálisis del suelo13aFísica del suelo13aPropiedades biológicas del suelo 17aSuelosxClasificación